000 00880nam a22002537a 4500
005 20170828152331.0
010 _aB-058142
020 _c300.00
035 _a B-058142
037 _bCen Lib/Ret
082 _a841
100 _aمیر تقی میر
245 _a/ دیوان-ا میر دوم عکسی
_cمیر تقی میر ; مرتب سنجے گدبولے
246 _aDivan-e-mir dovvom aksi
_bby Meer Taqi Meer
260 _aپونے
_bاسبقے پبلکتیونس
_c2001
270 _aسہرا منجیل ، ٢٣٠-بی-١٠٢، ومن درشن ، سنجے پارک لوہگاؤں رود
_bپونے
_e411032
300 _a294p.
_c22cm(Hb)
650 _aاردو ادب
_z
650 _aاردو شیری
650 _aUrdu Literature
650 _aUrdu shayri
700 _aGodbole, Sanjay
_9870
942 _2ddc
_cUR
_h841
_mم ے ر
999 _c106045
_d106045